Curso de processo penal / (Record no. 606)

MARC details
000 -LÍDER
Campo Fixo de Controle 00692nam a2200241 a 4500
001 - NÚMERO DE CONTROLE
Campo de Controle 606
003 - IDENTIFICAÇÃO DO NÚMERO DE CONTROLE
Campo de Controle BR-CuiBMT
005 - DATA E HORA DA ÚLTIMA ATUALIZAÇÃO
Campo de Controle 20231110193624.0
008 - DADOS FIXOS
Dados Fixos 231110s2010 spb 000 0 por d
020 ## - INTERNATIONAL STANDARD BOOK NUMBER
Nº do ISBN 9788502086319
040 ## - AGÊNCIA CATALOGADORA
Código da Agência Catalogadora BR-CuiBMT
Agência que transcreveu o registro BR-CuiBMT
080 ## - Nº DA CLASSIFICAÇÃO DECIMAL UNIVERSAL
Nº edição CDU 2007
Nº Class. CDU 343.1
090 ## - NÚMERO DE CHAMADA
Nº classificação 343.1
Cutter C241c
Ano/Edição 17. ed.
100 1# - ENTRADA PRINCIPAL -- AUTOR PESSOAL
Nome pessoal Capez, Fernando
245 10 - TÍTULO PRINCIPAL
Título principal Curso de processo penal /
Indicação de responsabilidade Fernando Capez.
250 ## - EDIÇÃO
Edição 17. ed.
260 ## - PUBLICAÇÃO, DISTRIBUIÇÃO, ETC.
Local de publicação São Paulo:
Editora Saraiva,
Data 2010
300 ## - DESCRIÇÃO FÍSICA
N. páginas ou volumes 875 p;
Dimensões 23 cm
500 ## - NOTAS GERAIS
Notas gerais De acordo com as Leis nº 11.983, 12.015, 12.033 e 12.037/2009.
650 ## - ASSUNTO TÓPICO
Cabeçalho tópico ou nome geográfico Direito penal
Subdivisão geográfica Brasil
650 ## - ASSUNTO TÓPICO
Cabeçalho tópico ou nome geográfico Processo penal
Subdivisão geral Jurisprudência
Subdivisão geográfica Brasil
942 ## - ELEMENTOS DE ENTRADA ADICIONAIS (KOHA)
Fonte de classificação ou esquema de arquivamento Classificação Decimal Universal
Tipo de item do Koha Livros
Holdings
Estado: removido Estado: perdido Fonte de classificação ou esquema de arquivamento Estado: danificado Indisponível para empréstimo Localização permanente Localização atual Data de aquisição Total Checkouts Número de Chamada completo Código de barras Date last seen Número do exemplar Preço efetivo a partir de Tipo de item (Koha)
    Classificação Decimal Universal     Biblioteca da Escola Superior de Contas do TCE/MT Biblioteca da Escola Superior de Contas do TCE/MT 15/10/2018   343.1 C241c 17. ed. BIBTCEMT23110425 10/11/2023 Ex. 1 10/11/2023 Livros

Powered by Koha